Aires Urbaines Majeures de l'UE - Statistiques

Statistiques générales
  • Ce quiz a été pris 78 fois
    63 depuis la dernière actualisation
  • Le résultat moyen est 15 sur 22
Statistiques - réponses
Population Réponse % Correct
18.2M Paris
100%
6.2M Berlin
96%
10.8M Madrid
91%
6.8M Rome
89%
3.3M Marseille
81%
13.5M Rhin-Ruhr
81%
4.8M Lyon
79%
8.2M Barcelone
75%
11.8M Milan
75%
5.8M Munich
74%
3.7M Varsovie
74%
5.5M Naples
66%
3.6M Vienne
66%
7.8M Randstad
62%
3.2M Budapest
60%
3.1M Lisbonne
57%
4.2M Lille
53%
6.5M Francfort
49%
3.4M Prague
45%
5.3M Hambourg
43%
3.8M Valence
36%
4.6M Stuttgart
21%
Aucun quiz correspondant
Distribution des résultats
% des personnes avec chaque résultat
Percentile par nombre de réponses
Votre historique - résultats
Vous n’avez pas pris ce quiz depuis la dernière actualisation